<?xml version="1.0" encoding="UTF-8"?>
<record
    xmlns:xsi="http://www.w3.org/2001/XMLSchema-instance"
    xsi:schemaLocation="http://www.loc.gov/MARC21/slim http://www.loc.gov/standards/marcxml/schema/MARC21slim.xsd"
    xmlns="http://www.loc.gov/MARC21/slim">

  <leader>02761cam a2200421 i 4500</leader>
  <datafield tag="999" ind1=" " ind2=" ">
    <subfield code="c">329676</subfield>
    <subfield code="d">329676</subfield>
  </datafield>
  <controlfield tag="001">17725284</controlfield>
  <controlfield tag="003">NUST</controlfield>
  <controlfield tag="005">20170517155020.0</controlfield>
  <controlfield tag="008">130501s2014    ilua     b    001 0 eng  </controlfield>
  <datafield tag="010" ind1=" " ind2=" ">
    <subfield code="a">  2013017879</subfield>
  </datafield>
  <datafield tag="020" ind1=" " ind2=" ">
    <subfield code="a">9780736093408 (print)</subfield>
  </datafield>
  <datafield tag="020" ind1=" " ind2=" ">
    <subfield code="a">0736093400 (print)</subfield>
  </datafield>
  <datafield tag="035" ind1=" " ind2=" ">
    <subfield code="a">(DNLM)101607317</subfield>
  </datafield>
  <datafield tag="040" ind1=" " ind2=" ">
    <subfield code="a">DNLM/DLC</subfield>
    <subfield code="c">RCMS</subfield>
    <subfield code="e">rda</subfield>
    <subfield code="d">DLC</subfield>
  </datafield>
  <datafield tag="042" ind1=" " ind2=" ">
    <subfield code="a">pcc</subfield>
  </datafield>
  <datafield tag="050" ind1="0" ind2="0">
    <subfield code="a">QP303</subfield>
    <subfield code="b">.R585 2014</subfield>
  </datafield>
  <datafield tag="060" ind1="1" ind2="0">
    <subfield code="a">WE 103</subfield>
  </datafield>
  <datafield tag="082" ind1="0" ind2="0">
    <subfield code="a">612.7/6072</subfield>
    <subfield code="2">23</subfield>
  </datafield>
  <datafield tag="100" ind1="1" ind2=" ">
    <subfield code="a">D. Gordon E. Robertson</subfield>
    <subfield code="d">1950-</subfield>
    <subfield code="e">author.</subfield>
    <subfield code="9">993</subfield>
  </datafield>
  <datafield tag="245" ind1="1" ind2="0">
    <subfield code="a">Research methods in biomechanics /</subfield>
    <subfield code="c">D. Gordon E. Robertson, University of Ottawa, Graham E. Caldwell, University of Massachusetts, Amherst, Joseph Hamill, University of Massachusetts, Gary Kamen,  University of Massachusetts, Saunders N. Whittlesey.</subfield>
  </datafield>
  <datafield tag="250" ind1=" " ind2=" ">
    <subfield code="a">Second edition.</subfield>
  </datafield>
  <datafield tag="264" ind1=" " ind2="1">
    <subfield code="a">Champaign, Illinois:</subfield>
    <subfield code="b">Human Kinetics,</subfield>
    <subfield code="c">c2014.</subfield>
  </datafield>
  <datafield tag="300" ind1=" " ind2=" ">
    <subfield code="a">xii, 428 pages :</subfield>
    <subfield code="b">illustrations ;</subfield>
    <subfield code="c">29 cm</subfield>
  </datafield>
  <datafield tag="336" ind1=" " ind2=" ">
    <subfield code="a">text</subfield>
    <subfield code="2">rdacontent</subfield>
  </datafield>
  <datafield tag="337" ind1=" " ind2=" ">
    <subfield code="a">unmediated</subfield>
    <subfield code="2">rdamedia</subfield>
  </datafield>
  <datafield tag="338" ind1=" " ind2=" ">
    <subfield code="a">volume</subfield>
    <subfield code="2">rdacarrier</subfield>
  </datafield>
  <datafield tag="504" ind1=" " ind2=" ">
    <subfield code="a">Includes bibliographical references (pages 395-413) and index.</subfield>
  </datafield>
  <datafield tag="505" ind1="0" ind2=" ">
    <subfield code="a">Planar kinematics / D. Gordon E. Robertson and Graham E. Caldwell -- Three-dimensional kinematics / Joseph Hamill, W. Scott Selbie, and Thomas M. Kepple -- Body segment parameters / D. Gordon E. Robertson -- Forces and their measurement / Graham E. Caldwell, D. Gordon E. Robertson, and Saunders N. Whittlesey -- Two-dimensional inverse dynamics / Saunders N. Whittlesey and D. Gordon E. Robertson -- Energy, work, and power / D. Gordon E. Robertson -- Three-dimensional kinetics / W. Scott Selbie, Joseph Hamill, and Thomas Kepple -- Electromyographic kinesiology / Gary Kamen -- Muscle modeling / Graham E. Caldwell -- Computer simulation of human movement / S.N. Whittlesey and J. Hamill -- Musculoskeletal modeling / Brian R. Umberger and Graham E. Caldwell -- Signal processing / Timothy R. Derrick and D. Gordon E. Robertson -- Dynamical systems analysis of coordination / Richard E.A. Van Emmerik, Ross H. Miller, and Joseph Hamill -- Analysis of biomechanical waveform data / Kevin J. Deluzio, Andrew J. Harrison, Norma Coffey, and Graham E. Caldwell.</subfield>
  </datafield>
  <datafield tag="538" ind1=" " ind2=" ">
    <subfield code="i">Shelf # 11, Row # 6, Mechanical &amp; Aerospace.</subfield>
  </datafield>
  <datafield tag="650" ind1="1" ind2="2">
    <subfield code="a">Biomechanics.</subfield>
    <subfield code="9">994</subfield>
  </datafield>
  <datafield tag="650" ind1="2" ind2="2">
    <subfield code="a">Research Design.</subfield>
    <subfield code="9">995</subfield>
  </datafield>
  <datafield tag="700" ind1="1" ind2=" ">
    <subfield code="a">Graham E. Caldwell</subfield>
    <subfield code="d">1954-</subfield>
    <subfield code="e">author.</subfield>
    <subfield code="9">996</subfield>
  </datafield>
  <datafield tag="700" ind1="1" ind2=" ">
    <subfield code="a">Hamill, Joseph,</subfield>
    <subfield code="d">1946-</subfield>
    <subfield code="e">author.</subfield>
    <subfield code="9">997</subfield>
  </datafield>
  <datafield tag="700" ind1="1" ind2=" ">
    <subfield code="a">Kamen, Gary,</subfield>
    <subfield code="e">author.</subfield>
    <subfield code="9">998</subfield>
  </datafield>
  <datafield tag="700" ind1="1" ind2=" ">
    <subfield code="a">Whittlesey, Saunders N.,</subfield>
    <subfield code="e">author.</subfield>
    <subfield code="9">999</subfield>
  </datafield>
  <datafield tag="856" ind1=" " ind2=" ">
    <subfield code="3">Table of Contents Only.</subfield>
  </datafield>
  <datafield tag="906" ind1=" " ind2=" ">
    <subfield code="a">7</subfield>
    <subfield code="b">cbc</subfield>
    <subfield code="c">orignew</subfield>
    <subfield code="d">1</subfield>
    <subfield code="e">ecip</subfield>
    <subfield code="f">20</subfield>
    <subfield code="g">y-gencatlg</subfield>
  </datafield>
  <datafield tag="942" ind1=" " ind2=" ">
    <subfield code="2">ddc</subfield>
    <subfield code="c">BK</subfield>
  </datafield>
  <datafield tag="952" ind1=" " ind2=" ">
    <subfield code="0">0</subfield>
    <subfield code="1">0</subfield>
    <subfield code="2">ddc</subfield>
    <subfield code="4">0</subfield>
    <subfield code="7">0</subfield>
    <subfield code="a">RCMS</subfield>
    <subfield code="b">RCMS</subfield>
    <subfield code="c">GEN</subfield>
    <subfield code="d">2017-05-17</subfield>
    <subfield code="l">1</subfield>
    <subfield code="m">1</subfield>
    <subfield code="o">612.7/6072 ROB</subfield>
    <subfield code="p">RCMS003073</subfield>
    <subfield code="q">2025-12-12</subfield>
    <subfield code="r">2025-09-30</subfield>
    <subfield code="s">2025-09-30</subfield>
    <subfield code="w">2017-05-17</subfield>
    <subfield code="y">BK</subfield>
  </datafield>
</record>
